Statistiques concernant Devinez le Pays mystère - N°2

Cliquez ici pour prendre le quiz!

Statistiques générales

  • Ce quiz a été pris 569 fois
  • Le résultat moyen est 5 sur 9

Statistiques - réponses

Type de quizRéponse% Correct
LettreO
83%
LettreA
68%
LettreN
64%
LettreU
58%
LettreD
42%
LettreR
41%
LettreS
36%
LettreH
35%
RéponseHonduras
35%

Distribution des résultats

Percentile par nombre de réponses

% des personnes avec chaque résultat

Votre développement - résultats

Vous n’avez pas pris ce quiz